Subalterns and sovereigns : (Record no. 5516)

MARC details
000 -LEADER
fixed length control field 00661 a2200205 4500
005 - DATE AND TIME OF LATEST TRANSACTION
control field 20181022164003.0
010 ## - LCCN (DPL NO)
LC control number ENG-86889
020 ## - INTERNATIONAL STANDARD BOOK NUMBER
Terms of availability 650.00
International Standard Book Number 0195686640
035 ## - SYSTEM CONTROL NUMBER
System control number EN-70422
037 ## - SOURCE OF ACQUISITION
Source of stock number/acquisition DBAD / PUB
082 ## - DEWEY DECIMAL CLASSIFICATION NUMBER
Classification number 307.72
100 ## - MAIN ENTRY--PERSONAL NAME
Personal name Nandini Sundar
245 ## - TITLE STATEMENT
Title Subalterns and sovereigns :
Statement of responsibility, etc by Nandini Sundar
Remainder of title an anthropological history of Baster 1854-2006 /
250 ## - EDITION STATEMENT
Edition statement 2nd ed
260 ## - PUBLICATION, DISTRIBUTION, ETC. (IMPRINT)
Place of publication, distribution, etc New Delhi
Name of publisher, distributor, etc Oxford University Press
Date of publication, distribution, etc 2007
270 ## - ADDRESS
Address YMCA Library Building, Jai Singh Road
City New Delhi
Postal code 110 045
300 ## - PHYSICAL DESCRIPTION
Extent xxvi, 326p.
Dimensions 22cm (Hb)
Other physical details b&w photos
500 ## - GENERAL NOTE
General note Includes index
942 ## - ADDED ENTRY ELEMENTS (KOHA)
Institution code [OBSOLETE] dpl
Item type English Books
Source of classification or shelving scheme Dewey Decimal Classification
Classification part 307.72
Call number suffix NAN
Holdings
Withdrawn status Lost status Not for loan Collection code Home library Current library Source of acquisition Cost, normal purchase price Full call number Barcode Copy number Cost, replacement price Koha item type Date acquired
    Not For Loan Non-fiction D.B.Act.Division D.B.Act.Division DBAD/PUB 650.00 307.72 NAN EN-70422 1 650.00 English Books  
      Non-fiction Vinoba Puri Vinoba Puri DBAct. 345.00 307.72 NAN B-317518 1 345.00 English Books 04/03/2009

© Delhi Public Library
Hit Counter
free hit counter